|
|
|
|
| LEADER |
01036nam a2200253 a 4500 |
| 001 |
3351157 |
| 008 |
100421r19971987enka b 001 0 eng d |
| 010 |
|
|
|a \\\86013716
|
| 020 |
|
|
|a 0521322162
|
| 020 |
|
|
|a 052131108X (pbk.)
|
| 040 |
|
|
|a DLC
|c DLC
|d DLC
|d BD-DhAAL
|
| 082 |
0 |
0 |
|a 407/.1
|2 19
|
| 245 |
0 |
0 |
|a Interactive language teaching /
|c edited by Wilga M. Rivers.
|
| 260 |
|
|
|a Cambridge [Cambridgeshire] ;
|a New York :
|b Cambridge University Press,
|c 1987 [reprinted 1997].
|
| 300 |
|
|
|a xviii, 228 p. :
|b ill. ;
|c 23 cm.
|
| 490 |
0 |
|
|a Cambridge language teaching library
|
| 504 |
|
|
|a Includes bibliographical references (p. 211-218) and index.
|
| 541 |
1 |
|
|e 00014505
|
| 650 |
|
0 |
|a Language and languages
|x Study and teaching.
|
| 650 |
|
0 |
|a Social interaction.
|
| 700 |
1 |
|
|a Rivers, Wilga M.
|
| 852 |
4 |
|
|a Ayesha Abed Library
|j General Shelf
|
| 999 |
|
|
|c 8196
|d 8196
|
| 952 |
|
|
|0 0
|1 0
|2 ddc
|4 0
|6 407_100000000000000_INT_1997
|7 0
|9 9363
|a BRACUL
|b BRACUL
|c GEN
|d 2010-04-21
|l 2
|m 25
|o 407.1 INT
|p 3010014505
|q 2026-06-02
|r 2025-11-18
|s 2025-11-18
|t 1
|w 2010-04-21
|y BK
|